Membres de la famille Charlotte dans One Piece - Statistiques

Statistiques générales
  • Ce quiz a été pris 1 261 fois
  • Le résultat moyen est 22 sur 91
Statistiques - réponses
Relation dans la famille Nom Âge Race Rôle Fruit du démon % Correct
2e fils Katakuri 48 ans Humain Ministre de la Farine et Sweet Commander Fruit du Riz Gluant
96%
Mère Linlin 68 ans Humaine Matriarche Fruit des Âmes
94%
1er fils Perospero 50 ans Humain Ministre des Bonbons Fruit de la léchouille
86%
14e fille Smoothie 35 ans Hybride humaine-tribu des longues jambes Ministre du Jus et Sweet Commander Fruit du Presse-Presse
85%
10e fils Cracker 45 ans Humain Ministre des Biscuits et Sweet Commander Fruit du Biscuit
80%
4e fils Oven 48 ans Humain Ministre de la cuisson Fruit de la cuisson
75%
35e fille Pudding 16 ans Hybride humaine-tribu des trois yeux Pas de rôle Fruit des Souvenirs
73%
8e fille Brulée 43 ans Humaine En charge de la Forêt de la Tentation Fruit du miroir
72%
3e fils Daifuku 48 ans Humain Ministre des Haricots Fruit de la Lampe
61%
19e fils Mont d'Or 38 ans Humain Ministre du Fromage Fruit du Livre
56%
23e fille Laura 26 ans Humaine Ministre du Chocolat (anciennement) Pas de fruit
50%
5e fils, décédé Opera 46 ans Humain Ministre de la Crème Fraîche Fruit de la Crème
50%
3e fille Amande 47 ans Hybride humaine-tribu des serpentins Ministre de Nuts Pas de fruit
48%
22e fille Chiffon 26 ans Humaine Ministre du Soufflé (anciennement) Pas de fruit
48%
17e fils Compo 39 ans Humain Ministre de la Tarte Pas de fruit
48%
25e fils Snack 30 ans Humain Ministre des frites et ancien Sweet Commander Pas de fruit
48%
1ère fille Compote 49 ans Humaine Ministre des Fruits Pas de fruit
43%
25e mari, père des 22e et 23e filles Pound 48 ans Humain Renié Pas de fruit
41%
Mari de la 22e fille Capone Bege 42 ans Humain Pas de rôle Fruit du Château
40%
36e fille Flampe 15 ans Humaine Ministre du miel, Capitaine des forces spéciales et Leader du fan club de Katakuri Pas de fruit
36%
21e fille Praline 29 ans Hybride sirène-requin marteau Ministre du Design (anciennment) Pas de fruit
33%
18e fille Galette 31 ans Humaine Ministre du Beurre Pas de fruit
32%
Mari de la 21e fille Aladin 46 ans Triton "sirène barbée" Pas de rôle Pas de fruit
29%
15e fille Citron 35 ans Hybride humaine-tribu des longues jambes Ministre des Oeufs Pas de fruit
27%
34e fils Mascarpone 20 ans Hybride humain-tribu des serpentins Ministre de l'Argenterie Pas de fruit
27%
16e fils Moscato 40 ans Humain Ministre de la Glace Pas de fruit
26%
29e fille Joscarpone 20 ans Hybride humaine-tribu des serpentins Pas de rôle Pas de fruit
22%
33e fils Raisin 22 ans Humain Pas de rôle Pas de fruit
22%
39e fille Anana 8 ans Humain Pas de rôle Pas de fruit
21%
5e fille Effilée 47 ans Hybride humaine-tribu des serpentins Pas de rôle Pas de fruit
21%
2e fille Mondée 47 ans Hybride humaine-tribu des serpentins Pas de rôle Pas de fruit
21%
19e fille Poire 31 ans Humaine Pas de rôle Pas de fruit
21%
7e fils Cadenza 46 ans Humain Pas de rôle Pas de fruit
20%
4e fille Hachée 47 ans Hybride humaine-tribu des serpentins Pas de rôle Pas de fruit
20%
Fils de la 22e fille Pets 1 an Humain Pas de rôle Pas de fruit
20%
16e fille Cinnamon 35 ans Hybride humaine-tribu des longues jambes Pas de rôle Pas de fruit
19%
6e fils Counter 46 ans Humain Pas de rôle Pas de fruit
19%
26e fils Bavarois 30 ans Humain Pas de rôle Pas de fruit
18%
9e fils Gala 46 ans Humain Pas de rôle Pas de fruit
18%
15e fils Noisette 41 ans Humain Ministre des Finances Pas de fruit
18%
32e fils Brownie 24 ans Humain Pas de rôle Pas de fruit
17%
12e fils Nusstorte 42 ans Humain Ministre des Transports Pas de fruit
16%
7e fille Angel 45 ans Humaine Pas de rôle Pas de fruit
15%
42e fils Anglais 14 ans Humain Pas de rôle Pas de fruit
15%
9e fille Broyé 43 ans Humaine Ministre de la Meringue Pas de fruit
15%
45e fils Dolce 9 ans Humain Pas de rôle Pas de fruit
15%
46e fils Dragée 9 ans Humain Pas de rôle Pas de fruit
15%
27e fille Joconde 23 ans Humaine Pas de rôle Pas de fruit
15%
29e fils Montb 28 ans Humain Pas de rôle Pas de fruit
15%
39e fils Newshi 18 ans Humain Pas de rôle Fruit du Pêle-Mêle
15%
13e fils Basskarte 42 ans Humain Pas de rôle Pas de fruit
14%
6e fille Custard 45 ans Humaine Pas de rôle Pas de fruit
14%
12e fille Mozart 37 ans Humaine Pas de rôle Pas de fruit
14%
21e fils Tablet 36 ans Humain Ministre de la Garniture Pas de fruit
14%
8e fils Cabalette 46 ans Humain Pas de rôle Pas de fruit
13%
14e fils Dosmarche 42 ans Humain Ministre du Thé Pas de fruit
13%
31e fils Mobile 25 ans Hybride humain-tribu des longues jambes Ministre de la Dégustation Pas de fruit
12%
37e fils Newji 18 ans Humain Pas de rôle Pas de fruit
12%
20e fille Prim 29 ans Hybride sirène-pieuvre Pas de rôle Pas de fruit
12%
11e fils Zuccotto 44 ans Humain Ministre de l'Alcool Pas de fruit
12%
24e fils Dacquoise 32 ans Humain Ministre de la Coniture Pas de fruit
11%
Mari de la 23e fille Gotti 33 ans Humain Pas de rôle Pas de fruit
11%
20e fils High-Fat 36 ans Humain Pas de rôle Pas de fruit
11%
24e fille Marble 25 ans Hybride humaine-tribu des longues jambes Pas de rôle Pas de fruit
11%
13e fille Marnier 37 ans Humaine Ministre de la Levure Pas de fruit
11%
25e fille Myukuru 25 ans Hybride humaine-tribu des longues jambes Pas de rôle Pas de fruit
11%
36e fils Newichi 18 ans Humain Pas de rôle Pas de fruit
11%
38e fils Newsan 18 ans Humain Pas de rôle Pas de fruit
11%
41e fils Nougat 17 ans Humain Pas de rôle Pas de fruit
11%
22e fils Saint-Marc 34 ans Humain Ministre de l'Essence Pas de fruit
11%
23e fils Basans 34 ans Humain Pas de rôle Pas de fruit
10%
30e fils Chiboust 27 ans Humain Pas de rôle Pas de fruit
10%
11e fille Cornstarch 40 ans Humaine Ministre de l'Amour Pas de fruit
10%
10e fille Mash 40 ans Humaine Pas de rôle Pas de fruit
10%
17e fille Melise 33 ans Humaine Pas de rôle Pas de fruit
10%
40e fils Newgo 18 ans Humain Pas de rôle Pas de fruit
10%
38e fille Normande 10 ans Hybride humaine-naine Pas de rôle Pas de fruit
10%
28e fille Panna 21 ans Humaine Pas de rôle Pas de fruit
10%
44e fils De-Chat 11 ans Hybride humain-homme-poisson Pas de rôle Pas de fruit
9%
28e fils Kato 28 ans Humain Ministre des Graines Pas de fruit
9%
26e fille Maple 25 ans Hybride humaine-tribu des longues jambes Pas de rôle Pas de fruit
9%
35e fils Yuen 19 ans Humain Pas de rôle Pas de fruit
9%
18e fils Laurin 39 ans Humain Pas de rôle Pas de fruit
8%
30e fille Nutmeg 18 ans Humaine Pas de rôle Pas de fruit
8%
31e fille Akimeg 18 ans Humaine Pas de rôle Pas de fruit
7%
32e fille Allmeg 18 ans Humaine Pas de rôle Pas de fruit
7%
37e fille Wafers 13 ans Humaine Pas de rôle Pas de fruit
7%
34e fille Fuyumeg 18 ans Humaine Pas de rôle Pas de fruit
6%
33e fille Harumeg 18 ans Humaine Pas de rôle Pas de fruit
6%
27e fils Kanten 28 ans Humain Ministre de l'Agar-agar Pas de fruit
6%
43e fils Uiro 12 ans Hybride humain-tribu des serpentins Pas de rôle Pas de fruit
6%
Aucun quiz correspondant
Distribution des résultats
% des personnes avec chaque résultat
Percentile par nombre de réponses
Votre historique - résultats
Vous n’avez pas pris ce quiz